| 000 | 01174nam a22003257a 4500 | ||
|---|---|---|---|
| 003 | EG-GICUC | ||
| 005 | 20260128154415.0 | ||
| 008 | 260128s1997 ua ||||fr|||| 00| 0 ara d | ||
| 017 | _a1994/11326 | ||
| 020 | _a9775052084 | ||
| 040 |
_a EG-GICUC _bara _c EG-GICUC _d EG-GICUC _erda |
||
| 041 | _aara | ||
| 082 | 0 | 4 |
_221 _a343.317 _bإ ب . د |
| 092 | 0 | 4 | _221 |
| 099 | _aLaw1 10 343.317 1997 | ||
| 100 | 0 |
_aإبراهيم حامد طنطاوى _eمؤلف. |
|
| 245 |
_aالدفع ببطلان إذن النيابة العامة بالتفتيش / _cإبراهيم حامد طنطاوى |
||
| 264 |
_aالقاهرة : _bدار النهضة العربية , _c1997 . |
||
| 300 |
_a106 صفحة; _c24 سم _bإيضاحيات، صور، مثيليات ؛ |
||
| 336 |
_2rda content _atext |
||
| 337 |
_2rda media _aComputer |
||
| 338 |
_2rda carrier _aOnline Resource |
||
| 546 | _aالنص باللغة العربية | ||
| 650 | 1 |
_aقانون جنائي _2qrmak |
|
| 650 | 1 |
_aبطلان الإجراءات الجنائية _2qrmak |
|
| 651 | 1 | _2qrmak | |
| 856 | 4 | 0 | _uhttps://fll.law.cu.edu.eg/fulltext/bks/B10-05573.pdf |
| 905 | _a44 | ||
| 942 |
_2ddc _cBK _e21 _n0 |
||
| 999 |
_c59953 _d59953 |
||